00341nam a2200133Ia 4500003000400000005001700004008004100021020001800062040000600080082001600086100002200102245004500124260003800169OSt20250529142616.0250516s9999 xx 000 0 und d a9781909942479 c- a892.736 EL  aEl Saadawi, Nawal 0aOff Limits: New Writings On Fear And Sin bUniversity of Chicago Pressc2020